[Event "Ruhrgebiet Verbandsliga Gruppe 1 1415"]
[Site "Germany"]
[Date "2015.03.29"]
[Round "8.7"]
[White "Schmidt, Ralph"]
[Black "Uenal, Ramazan"]
[Result "1-0"]
[WhiteElo "1897"]
[BlackElo "1820"]
[PlyCount "65"]
[EventDate "2014.09.21"]
[EventType "team-tourn"]
[EventRounds "9"]
[EventCountry "GER"]
[SourceTitle "EXT 2022"]
[Source "ChessBase"]
[SourceDate "2021.10.06"]
[SourceVersion "1"]
[SourceVersionDate "2021.10.06"]
[SourceQuality "1"]
[WhiteTeam "Bochum-Linden"]
[BlackTeam "Brambauer"]
[WhiteTeamCountry "GER"]
[BlackTeamCountry "GER"]

1. e4 e6 2. Nc3 d5 3. exd5 exd5 4. Qf3 Nf6 5. d4 Be7 6. Bd3 0-0 7. Nge2 Bg4 8. Qg3 Bh5 9. f4 Ne4 10. Qh3 Bxe2 11. Nxe2 f5 12. Be3 Nd7 13. 0-0-0 g6 14. g4 fxg4 15. Qxg4 Ndf6 16. Qg2 Qd7 17. Rhg1 Kh8 18. Rdf1 Rg8 19. Ng3 Ng4 20. Qh3 Nef6 21. Re1 Qa4 22. Kb1 Nxe3 23. Rxe3 Qxd4 24. Ne2 Qb4 25. Rxg6 Rxg6 26. Bxg6 Rg8 27. c3 Qc5 28. Bd3 Ne4 29. Bxe4 dxe4 30. Rxe4 Qd5 31. Rxe7 Rg1+ 32. Nc1 Qg8 33. Qe6 1-0

[Event "NRW Verbandsklasse Group2 1314"]
[Site "Nordrheinwestfalen"]
[Date "2014.02.16"]
[Round "7.8"]
[White "Tenschert, Hartmut"]
[Black "Uenal, Ramazan"]
[Result "1/2-1/2"]
[WhiteElo "1716"]
[BlackElo "1827"]
[PlyCount "88"]
[EventDate "2013.09.08"]
[EventType "team-tourn"]
[EventRounds "9"]
[EventCountry "GER"]
[SourceTitle "EXT 2020"]
[Source "ChessBase"]
[SourceDate "2019.10.17"]
[SourceVersion "1"]
[SourceVersionDate "2019.10.17"]
[SourceQuality "1"]
[WhiteTeam "Castrop Rauxel II"]
[BlackTeam "Doppelbauer Brambauer II"]
[WhiteTeamCountry "GER"]
[BlackTeamCountry "GER"]

1. d4 d5 2. Bf4 Nf6 3. h3 e6 4. e3 Bd6 5. Bxd6 Qxd6 6. c3 Nbd7 7. Nf3 0-0 8. Bd3 e5 9. dxe5 Nxe5 10. Nxe5 Qxe5 11. 0-0 Qg5 12. Kh1 Bf5 13. Bxf5 Qxf5 14. Nd2 Rad8 15. Nf3 Ne4 16. Qe2 Rfe8 17. Rad1 Rd6 18. c4 c6 19. cxd5 cxd5 20. Rd4 h5 21. Nd2 Nf6 22. Nf3 g5 23. Nh2 Rc6 24. Qf3 Qe5 25. Qd1 Rec8 26. Nf3 Qf5 27. Qd3 Qxd3 28. Rxd3 Rc2 29. Rb3 Ne4 30. Rxb7 Rc1 31. Kg1 Rxf1+ 32. Kxf1 Rc2 33. Nd4 Rxf2+ 34. Ke1 Rxg2 35. Rxa7 Rxb2 36. Ra5 Nf6 37. Nf5 Rb7 38. Ra6 Ne4 39. Ra8+ Kh7 40. Ra6 f6 41. a4 Kg6 42. Nd4 Rb2 43. Ra8 Ra2 44. a5 Nc5 1/2-1/2

[Event "NRW Verbandsklasse Group2 1314"]
[Site "Nordrheinwestfalen"]
[Date "2013.11.03"]
[Round "3.8"]
[White "Bork, Sophie"]
[Black "Uenal, Ramazan"]
[Result "1/2-1/2"]
[WhiteElo "1629"]
[BlackElo "1827"]
[PlyCount "65"]
[EventDate "2013.09.08"]
[EventType "team-tourn"]
[EventRounds "9"]
[EventCountry "GER"]
[SourceTitle "EXT 2020"]
[Source "ChessBase"]
[SourceDate "2019.10.17"]
[SourceVersion "1"]
[SourceVersionDate "2019.10.17"]
[SourceQuality "1"]
[WhiteTeam "Mengede SG"]
[BlackTeam "Doppelbauer Brambauer II"]
[WhiteTeamCountry "GER"]
[BlackTeamCountry "GER"]

1. e4 e6 2. d4 d5 3. Nc3 Bb4 4. a3 Bxc3+ 5. bxc3 c5 6. exd5 exd5 7. Nf3 Nf6 8. Be2 0-0 9. 0-0 Ne4 10. Bb2 c4 11. Nd2 Nd6 12. Re1 Nd7 13. a4 Nf6 14. Bf3 Be6 15. Ba3 Qd7 16. Rb1 b6 17. Qe2 Rfe8 18. Bxd6 Qxd6 19. Qd1 Qa3 20. Ra1 Qxc3 21. Re3 Qxd4 22. c3 Qc5 23. Rb1 Bf5 24. Rxe8+ Rxe8 25. Rb5 Qc6 26. Nf1 Be4 27. Bxe4 Rxe4 28. Ne3 Qe6 29. h3 a6 30. Rb1 Re5 31. Qd4 Nd7 32. Rd1 Nf6 33. Rb1 1/2-1/2

[Event "Ruhrgebiet Verbandsliga1 1011"]
[Site "Nordrheinwestfalen"]
[Date "2011.01.16"]
[Round "5"]
[White "Kuesgen, Dirk"]
[Black "Uenal, Ramazan"]
[Result "0-1"]
[WhiteElo "1843"]
[BlackElo "1788"]
[PlyCount "54"]
[EventDate "2011.09.12"]
[EventType "team-tourn"]
[EventRounds "9"]
[EventCountry "GER"]
[SourceTitle "EXT 2020"]
[Source "ChessBase"]
[SourceDate "2019.10.17"]
[SourceVersion "1"]
[SourceVersionDate "2019.10.17"]
[SourceQuality "1"]
[WhiteTeam "Bottrop SV"]
[BlackTeam "Doppelbauer Brambauer"]
[WhiteTeamCountry "GER"]
[BlackTeamCountry "GER"]

1. e4 e6 2. d4 d5 3. Nc3 Bb4 4. e5 c5 5. a3 Bxc3+ 6. bxc3 Nc6 7. Qg4 g6 8. Nf3 h5 9. Qf4 Qa5 10. Bd2 Qa4 11. Ng5 Nh6 12. Bd3 Nf5 13. f3 h4 14. Kf2 c4 15. Bxf5 exf5 16. Ra2 Be6 17. Nxe6 fxe6 18. Qg5 Ne7 19. Qf6 Kd7 20. Bg5 Rh7 21. Rb1 b6 22. Rb4 Qc6 23. a4 Qc8 24. a5 Qe8 25. axb6 Ng8 26. Rxa7+ Kc6 27. Rc7+ Rxc7 0-1